| 000 | 00627cam a2200205 4500 | ||
|---|---|---|---|
| 001 | J2804 | ||
| 008 | 090401t1995 xxu||||| |||| 00| 0 eng d | ||
| 035 | _a(Sirsi) u51265 | ||
| 041 | _aeng | ||
| 050 | _a691.0212 | ||
| 110 |
_aUnited Kingdom _bDepartment of the Environment _9982 |
||
| 245 | _aMonthly statistics of building materials and components. - January - December 1995 | ||
| 260 |
_aLondon _bDepartment of the Environment _c1995 |
||
| 300 | _a12 pt. bound in one vol. ; 30cm. | ||
| 350 | _a0 | ||
| 650 | _aBUILT ENVIRONMENT-BUILDING MATERIALS | ||
| 690 | _aBUILT ENVIRONMENT | ||
| 942 | _n0 | ||
| 948 | _c04/03/1997 | ||
| 999 |
_c92851 _d92851 |
||